00579 2200229 4500001002100000005001500021035002000036007000300056008004100059020001500100082001200115084001800127100001800145245006300163250001000226260003100236300002900267650001000296700001700306990001300323990001300336INLIS00000000000417020191009104250 a0010-1019000022ta191009 g 1 ind  a9797347782 a540.076 a540.076 JOH k0 aJohari, J M C1 aKIMIA 3A :bUNTUK SMA KELAS XII SEMESTER 1 /cJ M C Johari acet.9 aJakarta :bErlangga,c2010 a113 hlm ;c15,5 x 25,5cm 4akimia0 aM.Rachmawati a1072356a a1072356b